Представление документа в формате MARC21

ПолеНазваниеЗначение
  Тип записи a
  Библиографический уровень m
001 Контрольный номер RU\infra-m\znanium\bibl\2211865
005 Дата корректировки 20260429142202.3
008 Кодируемые данные 250704s2025 RU g rus u
020 Индекс ISBN __
a ISBN 978-5-16-016796-1
020 Индекс ISBN __
a ISBN 978-5-16-109374-0 (электр. издание)
040 Источник каталогиз. __
a Служба первич. каталог. Общество с ограниченной ответственностью «ЗНАНИУМ»
041 Код языка издания __
a Код языка текста rus
044 Код страны публикации __
a Код страны публикации RU
080 Индекс УДК __
a Индекс УДК 512.64(075.8)
084 Индекс другой классификации/Индекс ББК __
2 Источник индекса rubbk
a Индекс другой классификации/Индекс ББК 22.143я73
084 Индекс другой классификации/Индекс ББК __
2 Источник индекса okso
a Индекс другой классификации/Индекс ББК 01.03.01
084 Индекс другой классификации/Индекс ББК __
2 Источник индекса okso
a Индекс другой классификации/Индекс ББК 01.03.02
084 Индекс другой классификации/Индекс ББК __
2 Источник индекса okso
a Индекс другой классификации/Индекс ББК 01.03.03
084 Индекс другой классификации/Индекс ББК __
2 Источник индекса okso
a Индекс другой классификации/Индекс ББК 01.03.04
084 Индекс другой классификации/Индекс ББК __
2 Источник индекса okso
a Индекс другой классификации/Индекс ББК 02.03.01
084 Индекс другой классификации/Индекс ББК __
2 Источник индекса okso
a Индекс другой классификации/Индекс ББК 02.03.02
084 Индекс другой классификации/Индекс ББК __
2 Источник индекса okso
a Индекс другой классификации/Индекс ББК 02.03.03
084 Индекс другой классификации/Индекс ББК __
2 Источник индекса okso
a Индекс другой классификации/Индекс ББК 03.03.02
084 Индекс другой классификации/Индекс ББК __
2 Источник индекса okso
a Индекс другой классификации/Индекс ББК 03.03.03
084 Индекс другой классификации/Индекс ББК __
2 Источник индекса okso
a Индекс другой классификации/Индекс ББК 04.03.02
084 Индекс другой классификации/Индекс ББК __
2 Источник индекса okso
a Индекс другой классификации/Индекс ББК 24.03.01
084 Индекс другой классификации/Индекс ББК __
2 Источник индекса okso
a Индекс другой классификации/Индекс ББК 38.03.01
100 Автор __
a Автор Шевцов Г.С.
q Полное имя Шевцов Георгий Семенович
u Дополнение Пермский государственный национальный исследовательский университет
245 Заглавие __
a Заглавие Численные методы линейной алгебры
b Продолж. заглавия Учебное пособие; Учебное пособие
c Ответственность Пермский государственный национальный исследовательский университет; Пермский государственный национальный исследовательский университет
250 Сведения об издании __
a Основные сведения об издании 3
260 Выходные данные __
a Место издания Москва
b Издательство ООО "Научно-издательский центр ИНФРА-М"
c Дата издания 2026
300 Физическое описание __
a Объем 528 с.
520 Аннотация __
a Аннотация Учебное пособие посвящено важному разделу современной вычислитель ной математики — численным методам линейной алгебры. В нем содержатся необходимые теоретические сведения рассматриваются вопросы обусловлен ности и устойчивости приводятся эффективные алгоритмы обращения прямо угольных матриц решения систем линейных алгебраических уравнений и проб лемы собственных значений. Применение численных методов демонстрируется на подробно разобранных примерах. Отдельный параграф посвящен примерам применения численных методов в экономических исследованиях. Для студентов магистрантов и аспирантов специализирующихся в области компьютерного моделирования преподавателей прикладной математики а также научных работников и инженеров занимающихся применением численных методов для решения практических задач.
521 Примеч. о цел. назн. __
a Примеч. о целев. назн. ВО - Бакалавриат
650 Тематические рубрики __
a Основная рубрика Физико-математические науки
x Основная подрубрика Алгебра,линейная алгебра и аналитическая геометрия
655 Указ. предметных рубрик (устаревшее) __
a Жанр/ форма (устаревшее) Учебное пособие
700 Другие авторы __
a Другие авторы Крюкова О.Г.
q Полное имя Крюкова Ольга Георгиевна
u Дополнение Финансовый университет при Правительстве Российской Федерации
700 Другие авторы __
a Другие авторы Мызникова Б. И.
q Полное имя Мызникова Бэлла Исаковна
856 Электронный адрес документа 4_
a Имя сервера/домена znanium.ru
m Помощь ebs_support@infra-m.ru
n Местонахождение сервера НИЦ ИНФРА-М
u URL https://znanium.ru/catalog/document?id=466412
856 Электронный адрес документа 48
a Имя сервера/домена znanium.ru
d Путь /cover/2211
f Электронное имя 2211865.jpg
q Тип электронного формата image/jpeg
u URL https://znanium.ru/cover/2211/2211865.jpg
911 __
u 0030=https://znanium.ru/catalog/document?id=466412
911 __
u 712a=Пермский государственный национальный исследовательский университет